NFL Hall of Famers that played for the New York Jets - Statistics

General Stats
  • This quiz has been taken 23 times
  • The average score is 7 of 17
Answer Stats
Hint Answer % Correct
QB Joe Namath
90%
RB Curtis Martin
85%
DB Darrelle Revis
85%
WR Don Maynard
70%
DT/NT/DE Joe Klecko
65%
QB Brett Favre
50%
RB LaDainian Tomlinson
45%
C Kevin Mawae
40%
RB John Riggins
25%
DB Ed Reed
20%
DB Ty Law
20%
DB Ronnie Lott
15%
T Winston Hill
15%
G/T Alan Faneca
10%
WR Art Monk
10%
DE Jason Taylor
10%
DB Steve Atwater
5%
No matching quizzes found
Score Distribution
Percent of People with Each Score
Percentile by Number Answered
Your Score History
You have not taken this quiz